000 00620cab a2200205 4500
001 ABS41182
008 090401t1989 xxu||||| |||| 00| 0 eng d
035 _a(Sirsi) u28627
041 _aeng
100 _aBailey, A.
245 _aRetail developers scale new heights
260 _c1989
350 _a0
490 _aDirector
_v42(13) July 1989, 29-31(2)
520 _aDescribes the development of the Crystal Peaks Shopping Centre in Sheffield , one of the new generation of shopping theme parks .
650 _aSHOPPING CENTRES
690 _aPROPERTY-COMMERCIAL PROPERTY
942 _n0
948 _c04/03/1997
999 _c19249
_d19249